000 00452nam a2200169Ia 4500
001 10730
003 GE_BSU
008 181216s||||||||xx |||||||||||||| ||und||
040 _cGE_BSU
245 _aБанковские технологии. №5(220) 2014
245 _cГл.ред.Гордеев Ю.Н.
260 _aМосква
260 _c2014
300 _a64стр.30см.
653 _aБанковские технологии
942 _cCR
999 _c43980
_d43980